| 000 | 02769nam a22003735a 4500 | ||
|---|---|---|---|
| 005 | 2009062205455.0 | ||
| 008 | 090226s2008 ii abf b 001 0 eng | ||
| 010 | _aENG-94163 | ||
| 020 |
_a9780415445566 _c650.00 |
||
| 035 | _aEN-77696 | ||
| 035 | _aB-361848-854 | ||
| 037 | _bDBAD / PUB | ||
| 037 | _bUppal Book Store | ||
| 040 |
_adpl _bEnglish |
||
| 082 | _a306.2095443 | ||
| 100 | _aIbrahim, Farhana | ||
| 245 |
_aSettlers, saints, and sovereigns : _ban ethnography of state formation in Western India / _cby Farhana Ibrahim |
||
| 260 |
_aNew Delhi _bRoutledge _c2009 |
||
| 270 |
_a912-915 Tolstory House, 15-17 Tolstory Marg, _bNew Delhi _e110001 |
||
| 300 |
_axxi, 215p. _bill., 4 maps ; _c22cm (Hb) |
||
| 490 | _aCritical Asian studies | ||
| 504 | _aIncludes bibliographical references and index. | ||
| 520 | _aStudy of the history and ethnography of the Kachchh Region. | ||
| 942 |
_2ddc _cEN _mIBR _h306.2095443 |
||
| 999 |
_c27764 _d27764 |
||